90 secs Countries of the World: by 1M City in Bordering Country, with a Map - Statistics

General Stats
  • This quiz has been taken 5,608 times
  • The average score is 120 of 196
Answers on the Map
Answers color-coded by a green-red scale on the quiz's map according to % correct below.
 
Answer Stats
# 1M Cities 1M Cities Country % Correct
189 Guangzhou, Shanghai, Delhi, Karachi, Mumbai, Beijing, Moscow, Kolkata,… China
94%
49 São Paulo, Rio de Janeiro, Paris, Madrid, The Ruhr, Milan, Belo Horizo… France
94%
132 Guangzhou, Shanghai, Beijing, Moscow, Tianjin, Xiamen, Chengdu, Hangzh… Russia
94%
46 São Paulo, Buenos Aires, Rio de Janeiro, Paris, Lima, Bogotá, Belo Hor… Brazil
93%
125 Guangzhou, Shanghai, Seoul, Beijing, Moscow, Tianjin, Xiamen, Chengdu,… North Korea
93%
74 Mexico City, New York, Los Angeles, Chicago, Washington, San Francisco… United States
93%
59 New York, Los Angeles, Chicago, Washington, San Francisco, Boston, Phi… Canada
92%
120 Guangzhou, Shanghai, Beijing, Moscow, Tianjin, Xiamen, Chengdu, Hangzh… Kazakhstan
92%
69 Mexico City, New York, Los Angeles, Chicago, Washington, San Francisco… Mexico
92%
118 Guangzhou, Shanghai, Beijing, Moscow, Tianjin, Xiamen, Chengdu, Hangzh… Mongolia
92%
35 Moscow, The Ruhr, Saint Petersburg, Cologne / Dusseldorf, Berlin, Kiev… Poland
91%
162 Guangzhou, Shanghai, Delhi, Mumbai, Beijing, Dhaka, Bangkok, Kolkata, … Burma
90%
171 Guangzhou, Shanghai, Delhi, Karachi, Mumbai, Beijing, Dhaka, Kolkata, … India
90%
172 Guangzhou, Shanghai, Delhi, Karachi, Mumbai, Beijing, Kolkata, Tehran,… Pakistan
90%
27 London, Paris, Madrid, Barcelona, Casablanca, Birmingham, Manchester, … Spain
90%
25 São Paulo, Rio de Janeiro, Paris, Belo Horizonte, Porto Alegre, Brasíl… Suriname
90%
21 Paris, The Ruhr, Milan, Cologne / Dusseldorf, Berlin, Naples, Rome, Fr… Switzerland
90%
155 Guangzhou, Shanghai, Delhi, Mumbai, Beijing, Kolkata, Tianjin, Bengalu… Bhutan
89%
25 Paris, The Ruhr, Cologne / Dusseldorf, Berlin, Frankfurt, Rotterdam, H… Germany
89%
156 Guangzhou, Shanghai, Delhi, Mumbai, Beijing, Kolkata, Tianjin, Bengalu… Nepal
89%
26 Moscow, Saint Petersburg, Kiev, Budapest, Katowice, Warsaw, Bucharest,… Ukraine
89%
35 Moscow, Istanbul, Tehran, Saint Petersburg, Ankara, Meshed, Izmir, Isf… Azerbaijan
88%
31 São Paulo, Buenos Aires, Rio de Janeiro, Lima, Santiago, Belo Horizont… Bolivia
88%
35 São Paulo, Rio de Janeiro, Lima, Bogotá, Belo Horizonte, Porto Alegre,… Colombia
88%
19 Moscow, Saint Petersburg, Stockholm, Nizhny Novgorod, Novosibirsk, Yek… Finland
88%
19 Moscow, Saint Petersburg, Stockholm, Nizhny Novgorod, Novosibirsk, Yek… Norway
88%
31 São Paulo, Buenos Aires, Rio de Janeiro, Santiago, Belo Horizonte, Por… Argentina
87%
24 Moscow, Saint Petersburg, Kiev, Katowice, Warsaw, Minsk, Nizhny Novgor… Belarus
87%
34 São Paulo, Rio de Janeiro, Lima, Bogotá, Santiago, Belo Horizonte, Por… Peru
87%
19 Paris, The Ruhr, Cologne / Dusseldorf, Berlin, Frankfurt, Rotterdam, H… Belgium
85%
11 Paris, Milan, Naples, Rome, Vienna, Lyon, Turin, Marseille, Zurich, Li… Italy
85%
19 Paris, The Ruhr, Cologne / Dusseldorf, Berlin, Frankfurt, Rotterdam, H… Netherlands
85%
28 São Paulo, Buenos Aires, Rio de Janeiro, Belo Horizonte, Porto Alegre,… Paraguay
84%
25 São Paulo, Buenos Aires, Rio de Janeiro, Belo Horizonte, Porto Alegre,… Uruguay
84%
31 São Paulo, Rio de Janeiro, Bogotá, Belo Horizonte, Porto Alegre, Brasí… Venezuela
84%
10 Cairo, Khartoum, Alexandria, Algiers, Tunis, Oran, N'Djamena, Niamey, … Libya
83%
17 Paris, The Ruhr, Cologne / Dusseldorf, Berlin, Frankfurt, Hamburg, Stu… Luxembourg
83%
28 Istanbul, Tehran, Baghdad, Ankara, Damascus, Athens, Meshed, Izmir, Is… Turkey
83%
16 London, Madrid, Barcelona, Birmingham, Manchester, Leeds, Liverpool, V… United Kingdom
83%
7 Cairo, Khartoum, Alexandria, Addis Ababa, N'Djamena, Tripoli, Bangui Sudan
82%
18 The Ruhr, Milan, Cologne / Dusseldorf, Berlin, Naples, Rome, Frankfurt… Austria
81%
120 Guangzhou, Shanghai, Karachi, Beijing, Tehran, Tianjin, Lahore, Xiamen… Afghanistan
80%
28 Moscow, Istanbul, Saint Petersburg, Ankara, Izmir, Baku, Bursa, Nizhny… Georgia
80%
30 Istanbul, Tehran, Baghdad, Riyadh, Ankara, Jeddah, Kuwait City, Damasc… Iraq
80%
19 Moscow, Saint Petersburg, Katowice, Warsaw, Minsk, Nizhny Novgorod, No… Lithuania
80%
6 Cairo, Khartoum, Alexandria, Tel Aviv-Jaffa, Gaza, Tripoli Egypt
79%
25 São Paulo, Rio de Janeiro, Belo Horizonte, Porto Alegre, Brasília, Rec… Guyana
78%
34 Karachi, Istanbul, Tehran, Lahore, Baghdad, Ankara, Faisalabad, Rawalp… Iran
78%
108 Guangzhou, Shanghai, Beijing, Bangkok, Tianjin, Xiamen, Chengdu, Hangz… Laos
78%
17 Moscow, Saint Petersburg, Minsk, Nizhny Novgorod, Novosibirsk, Yekater… Latvia
76%
6 Johannesburg, Cape Town, Durban, Harare, Lusaka, Port Elizabeth Botswana
75%
14 The Ruhr, Cologne / Dusseldorf, Berlin, Frankfurt, Hamburg, Katowice, … Czech Republic
75%
9 Johannesburg, Dar es Salaam, Cape Town, Durban, Harare, Lusaka, Maputo… Mozambique
75%
6 Johannesburg, Luanda, Cape Town, Durban, Lusaka, Port Elizabeth Namibia
75%
17 Baghdad, Riyadh, Jeddah, Kuwait City, Dubai, Amman, Sana'a, Dammam, Do… Saudi Arabia
75%
6 Johannesburg, Cape Town, Durban, Harare, Maputo, Port Elizabeth South Africa
75%
7 Johannesburg, Cape Town, Durban, Harare, Lusaka, Maputo, Port Elizabet… Zimbabwe
75%
16 Moscow, Saint Petersburg, Nizhny Novgorod, Novosibirsk, Yekaterinburg,… Estonia
74%
13 Madrid, Barcelona, Casablanca, Algiers, Rabat, Valencia, Oran, Sevilla… Morocco
74%
5 Johannesburg, Cape Town, Durban, Maputo, Port Elizabeth Swaziland
74%
13 Istanbul, Ankara, Athens, Izmir, Bucharest, Bursa, Adana, Gaziantep, B… Bulgaria
73%
4 Johannesburg, Cape Town, Durban, Port Elizabeth Lesotho
73%
10 Paris, Madrid, Barcelona, Lyon, Valencia, Marseille, Sevilla, Lille, B… Andorra
71%
19 Istanbul, Tehran, Ankara, Meshed, Izmir, Isfahan, Baku, Bursa, Shiraz,… Armenia
71%
10 Buenos Aires, Lima, Santiago, La Paz, Santa Cruz, Córdoba, Rosario, Co… Chile
71%
18 Lagos, Kano, Algiers, Ibadan, Bamako, Abuja, Ouagadougou, Port Harcour… Niger
71%
11 London, Birmingham, Manchester, Leeds, Liverpool, Glasgow, Sheffield, … Ireland
70%
8 Cairo, Alexandria, Damascus, Amman, Tel Aviv-Jaffa, Aleppo, Gaza, Beir… Israel
70%
9 Riyadh, Jeddah, Dubai, Sana'a, Dammam, Mecca, Medina, Abu Dhabi, Musca… Oman
70%
9 Riyadh, Jeddah, Dubai, Dammam, Doha, Mecca, Medina, Abu Dhabi, Muscat United Arab Emirates
70%
13 Casablanca, Algiers, Bamako, Tunis, Rabat, Oran, Fes, Niamey, Tripoli,… Algeria
69%
104 Guangzhou, Shanghai, Beijing, Tianjin, Xiamen, Chengdu, Hangzhou, Ho C… Vietnam
69%
11 The Ruhr, Cologne / Dusseldorf, Berlin, Frankfurt, Hamburg, Stuttgart,… Denmark
68%
11 Istanbul, Ankara, Athens, Izmir, Bursa, Adana, Gaziantep, Sofia, Konya… Greece
68%
19 Jakarta, Bangkok, Kuala Lumpur, Bandung, Surabaya, Medan, Semarang, Ma… Malaysia
68%
8 Riyadh, Jeddah, Dubai, Dammam, Doha, Mecca, Medina, Abu Dhabi Qatar
68%
9 Kinshasa, Khartoum, Nairobi, Addis Ababa, Kampala, Lubumbashi, Mbuji-M… South Sudan
68%
6 Milan, Naples, Rome, Budapest, Vienna, Turin Slovenia
67%
15 Baghdad, Riyadh, Jeddah, Damascus, Amman, Tel Aviv-Jaffa, Dammam, Alep… Jordan
66%
17 Lagos, Khartoum, Kano, Ibadan, Abuja, Douala, Yaoundé, Port Harcourt, … Chad
65%
103 Guangzhou, Shanghai, Beijing, Tianjin, Xiamen, Chengdu, Hangzhou, Wuha… Tajikistan
65%
11 Kinshasa, Dar es Salaam, Nairobi, Kampala, Lusaka, Maputo, Lubumbashi,… Tanzania
65%
5 Sydney, Melbourne, Brisbane, Perth, Adelaide Australia
64%
10 Casablanca, Algiers, Dakar, Bamako, Rabat, Oran, Fes, Agadir, Marrakes… Mauritania
64%
7 Madrid, Barcelona, Lisbon, Valencia, Sevilla, Porto, Málaga Portugal
64%
3 Stockholm, Helsinki, Oslo Sweden
64%
9 Kiev, Budapest, Bucharest, Vienna, Kharkov, Donetsk, Belgrade, Dneprop… Hungary
63%
9 Kiev, Budapest, Bucharest, Kharkov, Donetsk, Belgrade, Dnepropetrovsk,… Romania
63%
8 Kinshasa, Dar es Salaam, Nairobi, Kampala, Lubumbashi, Mbuji-Mayi, Mom… Uganda
63%
11 Baghdad, Riyadh, Jeddah, Kuwait City, Dammam, Mecca, Mosul, Basra, Med… Kuwait
62%
59 Delhi, Mumbai, Dhaka, Kolkata, Bengaluru, Chennai, Hyderabad, Ahmedaba… Bangladesh
61%
15 Lagos, Kano, Ibadan, Abuja, Douala, Yaoundé, Port Harcourt, Brazzavill… Cameroon
61%
10 Kinshasa, Luanda, Dar es Salaam, Kampala, Lusaka, Brazzaville, Lubumba… Democratic Republic of the Congo
61%
103 Guangzhou, Shanghai, Beijing, Tianjin, Xiamen, Chengdu, Hangzhou, Wuha… Kyrgyzstan
61%
15 Lagos, Kano, Ibadan, Abuja, Douala, Yaoundé, Port Harcourt, Kaduna, Co… Nigeria
61%
11 Tehran, Kabul, Meshed, Isfahan, Tashkent, Alma-Ata, Shiraz, Tabriz, Ah… Turkmenistan
61%
7 Riyadh, Jeddah, Sana'a, Dammam, Mecca, Medina, Muscat Yemen
61%
6 Kinshasa, Luanda, Lusaka, Brazzaville, Lubumbashi, Mbuji-Mayi Angola
60%
17 Jakarta, Kuala Lumpur, Bandung, Surabaya, Medan, Semarang, Makassar, P… Indonesia
60%
9 Kinshasa, Luanda, Dar es Salaam, Harare, Lusaka, Maputo, Lubumbashi, M… Zambia
60%
14 Lagos, Kano, Ibadan, Abuja, Ouagadougou, Port Harcourt, Lomé, Kaduna, … Benin
59%
9 Kinshasa, Khartoum, Douala, Yaoundé, Brazzaville, Lubumbashi, Mbuji-Ma… Central African Republic
59%
9 Lima, Bogotá, Medellín, Guayaquil, Cali, Quito, Barranquilla, Bucarama… Ecuador
59%
5 Khartoum, Nairobi, Addis Ababa, Mogadishu, Mombasa Ethiopia
59%
8 Kinshasa, Luanda, Douala, Yaoundé, Brazzaville, Lubumbashi, Mbuji-Mayi… Republic of the Congo
59%
15 Jakarta, Bandung, Surabaya, Medan, Semarang, Makassar, Palembang, Denp… East Timor
57%
3 Athens, Belgrade, Sofia Macedonia
57%
9 Abidjan, Algiers, Dakar, Bamako, Conakry, Ouagadougou, Oran, Niamey, N… Mali
57%
15 Jakarta, Bandung, Surabaya, Medan, Semarang, Makassar, Palembang, Denp… Papua New Guinea
57%
55 Delhi, Mumbai, Kolkata, Bengaluru, Chennai, Hyderabad, Ahmedabad, Pune… Sri Lanka
57%
Antigua and Barbuda
56%
Bahamas
56%
Barbados
56%
Cape Verde
56%
Comoros
56%
Cyprus
56%
Dominica
56%
Federated States of Micronesia
56%
Fiji
56%
Grenada
56%
Iceland
56%
Jamaica
56%
6 Dar es Salaam, Nairobi, Addis Ababa, Kampala, Mogadishu, Mombasa Kenya
56%
Kiribati
56%
Maldives
56%
Malta
56%
Marshall Islands
56%
Mauritius
56%
Nauru
56%
Palau
56%
Saint Kitts and Nevis
56%
Saint Lucia
56%
Saint Vincent and the Grenadines
56%
Samoa
56%
São Tomé and Príncipe
56%
Seychelles
56%
Solomon Islands
56%
Tonga
56%
Trinidad and Tobago
56%
Tuvalu
56%
Vanuatu
56%
14 Tokyo, Osaka, Nagoya, Fukuoka, Sapporo, Okayama, Kitakyushu, Hiroshima… Japan
55%
4 Budapest, Bucharest, Belgrade, Sofia Serbia
55%
20 Istanbul, Baghdad, Ankara, Damascus, Amman, Izmir, Tel Aviv-Jaffa, Ale… Syria
55%
5 Bangkok, Ho Chi Minh City, Hanoi, Phnom Penh, Chonburi Cambodia
54%
6 Kinshasa, Dar es Salaam, Kampala, Lubumbashi, Mbuji-Mayi, Kigali Rwanda
54%
4 Milan, Naples, Rome, Turin San Marino
54%
10 Kiev, Budapest, Katowice, Warsaw, Vienna, Kharkov, Donetsk, Prague, Dn… Slovakia
54%
4 Nairobi, Addis Ababa, Mogadishu, Mombasa Somalia
54%
4 Milan, Naples, Rome, Turin Vatican City
54%
5 Kinshasa, Dar es Salaam, Lubumbashi, Mbuji-Mayi, Kigali Burundi
53%
19 Mexico City, Guadalajara, Monterrey, Guatemala City, Puebla, Toluca, T… Guatemala
53%
8 Bogotá, Medellín, Cali, Barranquilla, San José, Panama City, Bucaraman… Panama
53%
7 Bangkok, Kuala Lumpur, Yangon, Phnom Penh, George Town, Mandalay, Chon… Thailand
53%
5 Algiers, Tunis, Oran, Tripoli, Sousse Tunisia
53%
3 San José, Panama City, Managua Costa Rica
50%
16 Mexico City, Guadalajara, Monterrey, Guatemala City, Puebla, Toluca, T… Belize
47%
5 Guatemala City, San Salvador, Managua, San Pedro Sula, Tegucigalpa Honduras
44%
5 Paris, Lyon, Marseille, Lille, Bordeaux Monaco
44%
1 Athens Albania
43%
2 Budapest, Belgrade Croatia
41%
2 Khartoum, Addis Ababa Eritrea
41%
4 Guatemala City, San Salvador, San Pedro Sula, Tegucigalpa El Salvador
40%
6 Abidjan, Dakar, Bamako, Conakry, Freetown, Monrovia Guinea
40%
6 Kiev, Bucharest, Kharkov, Donetsk, Dnepropetrovsk, Odessa Moldova
40%
8 Abidjan, Accra, Bamako, Kumasi, Ouagadougou, Lomé, Cotonou, Niamey Burkina Faso
39%
8 Seoul, Busan, Pyongyang, Daegu, Taejon, Kwangju, Ulsan, Changwon South Korea
39%
7 Abidjan, Accra, Bamako, Kumasi, Conakry, Ouagadougou, Monrovia Cote d'Ivoire
38%
2 Addis Ababa, Mogadishu Djibouti
38%
1 Havana Cuba
35%
4 Dakar, Bamako, Conakry, Nouakchott Senegal
35%
5 Abidjan, Accra, Kumasi, Ouagadougou, Lomé Ghana
32%
4 San José, Managua, San Pedro Sula, Tegucigalpa Nicaragua
32%
1 Belgrade Bosnia and Herzegovina
30%
1 Belgrade Kosovo
30%
1 Belgrade Montenegro
30%
4 Manila, Cebu, Davao, Angeles Philippines
30%
5 Accra, Kumasi, Ouagadougou, Lomé, Cotonou Togo
29%
4 Kabul, Tashkent, Alma-Ata, Ashgabat Uzbekistan
28%
2 Dakar, Conakry Guinea-Bissau
26%
2 Santo Domingo, Port-au-Prince Dominican Republic
23%
2 Santo Domingo, Port-au-Prince Haiti
23%
4 Abidjan, Conakry, Freetown, Monrovia Liberia
22%
1 Dakar Gambia
21%
1 Auckland New Zealand
21%
3 Conakry, Freetown, Monrovia Sierra Leone
19%
5 Damascus, Tel Aviv-Jaffa, Aleppo, Gaza, Beirut Lebanon
18%
2 Vienna, Zurich Liechtenstein
17%
4 Dar es Salaam, Lusaka, Maputo, Lilongwe Malawi
17%
3 Douala, Yaoundé, Brazzaville Gabon
12%
1 Antananarivo Madagascar
12%
4 Taipei, Kaohsiung, Taichung, Tainan Taiwan
12%
2 Kuala Lumpur, George Town Brunei
10%
1 Singapore Singapore
9%
2 Douala, Yaoundé Equatorial Guinea
6%
1 Manama Bahrain
1%
No matching quizzes found
Score Distribution
Percent of People with Each Score
Percentile by Number Answered
Your Score History
You have not taken this quiz